| 000 | 00582nam a2200193Ia 4500 | ||
|---|---|---|---|
| 003 | GCL | ||
| 008 | 140319s9999 xx 000 0 ara d | ||
| 040 |
_aGCL / _cGCL |
||
| 082 | 0 | 4 |
_a613.2 _bاغ |
| 100 | 1 | _aاحمد جمال الدين الوراقى | |
| 245 | 1 | 0 |
_aالغذاء والسرطان / _cاحمد جمال الدين الوراقى |
| 260 |
_a[S.N] : _bدار البحر الابيض المتوسط ، _c1989 |
||
| 300 | _a198 ص | ||
| 490 | _a | ||
| 650 | 0 | 4 | _aالسرطان |
| 650 | 0 | 4 | _aالغذاء |
| 650 | 0 | 4 | _aامراض الاغذية |
| 942 |
_2ddc _cBK |
||
| 999 |
_c53173 _d53173 |
||